Κατάλογος Βιβλιοθηκών Mediterranean College

Δίκτυα και διαδίκτυα υπολογιστών και εφαρμογές τους στο Internet / (Record no. 9820)

MARC details
000 -LEADER
fixed length control field 02081nam a22002897a 4500
003 - ΤΑΥΤΟΤΗΤΑ ΤΟΥ ΑΡΙΘΜΟΥ ΕΛΕΓΧΟΥ
Πεδίο ελέγχου GR-AtMCL
005 - ΗΜΕΡΟΜΗΝΙΑ ΚΑΙ ΩΡΑ ΤΕΛΕΥΤΑΙΑΣ ΕΝΗΜΕΡΩΣΗΣ
Πεδίο ελέγχου 20250724120334.0
006 - FIXED-LENGTH DATA ELEMENTS--ADDITIONAL MATERIAL CHARACTERISTICS
Πεδίο ελέγχου σταθερού μήκους a|||||r|||||||||||
008 - FIXED-LENGTH DATA ELEMENTS--GENERAL INFORMATION
Πεδίο ελέγχου σταθερού μήκους 081027s2007||||gr a|||g bi|| 001 gre #
020 ## - ISBN
ISBN 9789604610402
040 ## - ΠΗΓΗ ΚΑΤΑΛΟΓΟΓΡΑΦΗΣΗΣ
Φορέας πρωτότυπης καταλογογράφησης
Γλώσσα καταλογογράφησης Ελληνικά, Μοντέρνα (1453-)
Modifying agency MC Athens Campus Library
Κανόνες περιγραφικής καταλογογράφησης AACR2
041 1# - ΓΛΩΣΣΑ
Κωδικός γλώσσας πρωτότυπου Αγγλικά
100 ## - MAIN ENTRY--PERSONAL NAME
Personal name Comer, Douglas E.
245 10 - ΤΙΤΛΟΣ ΚΑΙ ΔΗΛΩΣΗ ΥΠΕΥΘΥΝΟΤΗΤΑΣ
Τίτλος Δίκτυα και διαδίκτυα υπολογιστών και εφαρμογές τους στο Internet /
Statement of responsibility, etc. Douglas E. Comer
260 ## - PUBLICATION, DISTRIBUTION, ETC.
Place of publication, distribution, etc. Αθήνα :
Name of publisher, distributor, etc. Κλειδάριθμος,
Date of publication, distribution, etc. c2007
300 ## - PHYSICAL DESCRIPTION
Extent 855 σ. :
Other physical details εικ. ;
Διαστάσεις 24 εκ. +
Συνοδευτικό υλικό 1 σύμπυκνος δίσκος (CD-ROM)
500 ## - GENERAL NOTE
Γενική σημείωση Ευρετήριο: σ. [833]-855
500 ## - GENERAL NOTE
Γενική σημείωση Τίτλος πρωτοτύπου: Computer networks and Internets with Internet application
504 ## - ΣΗΜΕΙΩΣΗ ΒΙΒΛΙΟΓΡΑΦΙΑΣ κλπ.
Σημείωση βιβλιογραφίας, κλπ. Βιβλιογραφία: σ. [825]-832
520 ## - SUMMARY, ETC.
Summary, etc. Ο συγγραφέας οικοδομεί μια ολοκληρωμένη εικόνα των τεχνολογιών στις οποίες βασίζονται οι εφαρμογές του internet. Η έκδοση ξεκινά με προγράμματα-εφαρμογές τα οποία περιλαμβάνουν υπηρεσίες ιστού και συνομιλίας, και έχει συμπεριληφθεί ένα νέο κεφάλαιο για το routing στο internet. Μια εξαιρετική περιήγηση που ξεκινά από τα χαμηλότερα επίπεδα μετάδοσης πακέτων και φτάνει μέχρι τα υψηλότερα επίπεδα του λογισμικού εφαρμογών και εξηγεί πως οι υποκείμενες τεχνολογίες παρέχουν υπηρεσίες και πως οι εφαρμογές του internet χρησιμοποιούν αυτές τις υπηρεσίες.
650 07 - SUBJECT ADDED ENTRY--TOPICAL TERM
Topical term or geographic name entry element Δίκτυα υπολογιστών
650 00 - SUBJECT ADDED ENTRY--TOPICAL TERM
Topical term or geographic name entry element Πληροφορική
9 (RLIN) 9850
650 07 - SUBJECT ADDED ENTRY--TOPICAL TERM
Topical term or geographic name entry element Computing
700 1# - ΠΡΟΣΘΕΤΗ ΑΝΑΓΡΑΦΗ--ΦΥΣΙΚΟ ΠΡΟΣΩΠΟ
Σχέση Επιμελητής
Personal name Φουληράς, Παναγιώτης
942 ## - ADDED ENTRY ELEMENTS (KOHA)
Koha item type Books
Holdings
Τύπος τεκμηρίου Βιβλιοθήκη Τρέχουσα τοποθεσία Αριθμός εισαγωγής Ημερομηνία απόκτησης Ταξιθετικό σύμβολο Αριθμός αντιτύπου Κατάσταση απόσυρσης Κατάσταση χαμένου Κατάσταση κατεστραμμένου Μη δανεισμός Σύνολο δανεισμών Ημερομηνία τελευταίας εμφάνισης Η τιμή ισχύει από
Books MC Athens Campus Library MC Athens Campus Library 8110 24/07/2025 004.6 COM 1           24/07/2025 24/07/2025

MC Athens Campus Library
Πατησίων 94 & Κοδριγκτώνος 13, 104 34
Πελλήνης 8 & Πατησίων 107, 112 51
Τ: +30 210 8899600

MC Thessaloniki Campus Library
Ίωνος Δραγούμη 21, 54625 | Ίωνος Δραγούμη 15, 54625
Τ: +30 2310 287779 – Τ: +30 2314 440300